Deutsche Geschichte - Errate das Jahr #1 - Statistiken

Allgemein
  • Dieses Quiz wurde 233 mal gespielt
  • Das Durchschnittsergebnis liegt bei 6 aus 24
Antwortstatistiken
Hinweis Jahr % Korrekt
Der Hitler-Ludendorff-Putsch scheitert 1923
83%
Willy Brandt wird Bundeskanzler 1969
74%
Die Partei Die Grünen wird gegründet 1980
68%
Otto von Bismarck tritt als Reichskanzler zurück 1890
66%
Die Paulskirchenverfassung wird verabschiedet 1849
49%
Luther veröffentlicht seine 95 Thesen 1517
38%
In Münster und Osnabrück wird der Westfälische Frieden geschlossen 1648
37%
Der Deutsche Zollverein wird gegründet 1834
28%
Friedrich der Große siegt bei Leuthen über ein überlegenes kaiserliches Heer 1757
17%
Maria Theresia wird Erzherzogin von Österreich und Königin von Ungarn 1740
15%
Georg von Braunschweig-Lüneburg wird Britischer König 1714
12%
Der Große Kurfürst verstirbt 1688
9%
Der Bau des Kölner Doms beginnt 1248
8%
Während des Schwarzen Todes kommt es am Rhein zu zahlreichen Pogromen 1349
7%
Der Deutsche Orden unterliegt in der Schlacht von Tannenberg 1410
7%
Der böhmische Reformator Jan Hus wird in Konstanz verbrannt 1415
6%
Maximilian I. verkündet den Ewigen Landfrieden 1495
6%
Hochmeister Albrecht säkularisiert den Deutschordensstaat in Preußen 1525
6%
Der Schmalkaldische Krieg endet mit der Wittenberger Kapitulation 1547
6%
Mit dem Tod Johann Wilhelms beginnt der Jülich-Klevische Erbfolgestreit 1609
6%
Kaiser Friedrich II. gewinnt Jerusalem im Sechsten Kreuzzug kampflos zurück 1229
4%
Die Mongolen siegen bei Liegnitz über ein deutsch-polnisches Heer 1241
4%
In Lübeck tritt der erste Hansetag zusammen 1356
3%
Mit der Wahl Clemens VII. zum Gegenpapst beginnt das Abendländische Schisma 1378
2%
Keine übereinstimmenden Quizze gefunden
Verteilung der Resultate
Anzahl Personen mit jedem Resultat
Perzentil nach korrekt beantworteten Fragen
Ihre Resultats-Entwicklung
Sie haben dieses Quiz noch nicht gespielt